000 00422nam a22001817a 4500
003 MPLRDC
005 20220104123353.0
008 210129b ||||| |||| 00| 0 eng d
082 _a848.2 WYQ v.24
100 _a文亦奇著
245 _a四凤
_c
250 _a初版
260 _a
_b皇冠出版社
_c1988
300 _b
490 _a皇冠丛书;1111
650 _a现代别集
942 _cBK
_o848.2 WYQ v.24
999 _c10884
_d10874